His needs her needs. (Record no. 7261)

MARC details
000 -LEADER
fixed length control field 00512cam a22001932 4500
001 - CONTROL NUMBER
control field 0000006303
005 - DATE AND TIME OF LATEST TRANSACTION
control field 20151217152016.0
008 - FIXED-LENGTH DATA ELEMENTS--GENERAL INFORMATION
fixed length control field 071015s xx 000 0 eng d
020 ## - INTERNATIONAL STANDARD BOOK NUMBER
International Standard Book Number 9966805874 :
Terms of availability KES 650
040 ## - CATALOGING SOURCE
Original cataloging agency KABU
Transcribing agency KABU
100 1# - MAIN ENTRY--PERSONAL NAME
Personal name Harley, Willard F.
-- 0000157725
245 10 - TITLE STATEMENT
Title His needs her needs.
260 ## - PUBLICATION, DISTRIBUTION, ETC. (IMPRINT)
Place of publication, distribution, etc. Nairobi :
Name of publisher, distributor, etc. WordAlive,
Date of publication, distribution, etc. 2006.
300 ## - PHYSICAL DESCRIPTION
Extent 209 p.
650 #0 - SUBJECT ADDED ENTRY--TOPICAL TERM
Topical term or geographic name as entry element Marriage.
-- 0000152876
908 ## - PUT COMMAND PARAMETER (RLIN)
Put command parameter 071015
950 ## - LOCAL HOLDINGS (RLIN)
-- 1
Holdings
Withdrawn status Lost status Source of classification or shelving scheme Not for loan Home library Current library Date acquired Total Checkouts Full call number Barcode Date last seen Price effective from Koha item type Date last checked out
    Library of Congress Classification   Kabarak, Main Campus Kabarak, Main Campus 17/12/2015   HQ734 .H37 010882 17/12/2015 17/12/2015 General Collection  
    Library of Congress Classification   Kabarak, Main Campus Kabarak, Main Campus 17/12/2015 2 HQ734 .H37 010638 03/07/2018 17/12/2015 General Collection 05/06/2018
Designed with assistance from East African Informatics Ltd